Song Titles from Lyrics - Statistics

General Stats
  • This quiz has been taken 18 times
  • The average score is 5 of 15
Answer Stats
Hint Answer % Correct
Reminds me of childhood memories Sweet child of Mine
100%
She told me to come, but I was already there You Shook Me All Night Long
81%
Jack's diddy Jack and Diane
63%
Like a drifter, I was born to walk alone Here I go again, on my own
56%
Lord knows there are things we can do baby Hurt So good
38%
Standin in line to see the show tonight By the Way
31%
Just take this song and you'll never feel all alone Home Sweet Home
25%
This is our life, this is our song We're not gonna take it
25%
Wherever it may take me, I know that live won't break me Angels
19%
Yes I'm let loose From the noose Back in Black
19%
Blonde gave me nightmares Bed of Roses
19%
I must be strong and carry on Tears in Heaven
19%
I wanna love you but I better not touch (don't touch) Poison
13%
You got too many bees in your honey Unskinny Bop
13%
I can't get enough of you baby, can you get enough of me I was Made for Lovin You Baby
6%
No matching quizzes found
Score Distribution
Percent of People with Each Score
Percentile by Number Answered
Your Score History
You have not taken this quiz